000 02445cam a2200385 i 4500
001 14374021
003 EG-ScBUE
005 20250817094415.0
008 060511s2007 njua f b 001 0 eng d
020 _a0471720917 (cloth)
020 _a9780471720911 (cloth)
035 _a(OCoLC)ocm69020965
035 _a(OCoLC)69020965
040 _aDLC
_beng
_erda
_cDLC
_dBAKER
_dUKM
_dBTCTA
_dC#P
_dYDXCP
_dYDX
_dYUS
_dOCLCA
_dDLC
_dEG-ScBUE
082 0 4 _a547
_222
_bSMI
100 1 _aSmith, Michael,
_d1946 Oct. 17-
_eauthor.
245 1 0 _aMarch's advanced organic chemistry :
_breactions, mechanisms, and structure /
_cMichael B. Smith, professor of chemistry, Jerry March, professor of chemistry.
246 3 0 _aAdvanced organic chemistry
250 _aSixth edition.
264 1 _aHoboken, N.J. :
_bWiley-Interscience,
_c[2007]
264 4 _cc2007
300 _axx, 2357 pages :
_billustrations ;
_c25 cm
336 _2rdacontent
_atext
_btxt
337 _aunmediated
_2rdamedia
_bn
338 _avolume
_bnc
_2rdacarrier
504 _aIncludes bibliographical references and index.
505 0 _aLocalized chemical bonding -- Delocalized chemical bonding -- Bonding weaker than covalent -- Stereochemistry -- Carbocations, carbanions, free radicals, carbenes, and nitrenes -- Mechanisms and methods of determining them -- Irradiation processes in organic chemistry -- Acids and bases -- Effects of structure and medium on reactivity -- Aliphatic substitution: nucleophilic and organometallic -- Aromatic substitution: electrophilic -- Aliphatic, alkenyl, and alkenyl substitution, electrophilic and organometallic -- Aromatic substitution, nucleophilic and organometallic -- Substitution reactions: free radicals -- Addition to carbon-carbon multiple bonds -- Addition to carbon-hetero multiple bonds -- Eliminations -- Rearrangements -- Oxidations and reductions -- Appendix A. The literature of organic chemistry -- Appendix B. Classification of reactions by type of compounds synthesized.
650 7 _aChemistry, Organic.
_2BUEsh
655 _vReading book
700 1 _aMarch, Jerry,
_d1929-1997,
_eauthor.
856 4 1 _3Table of contents only
_uhttp://www.loc.gov/catdir/toc/ecip0613/2006016015.html
856 4 2 _3Contributor biographical information
_uhttp://www.loc.gov/catdir/enhancements/fy0826/2006016015-b.html
856 4 2 _3Publisher description
_uhttp://www.loc.gov/catdir/enhancements/fy0826/2006016015-d.html
942 _2ddc
_cBB
999 _c10662
_d10662